| 000 | 01147cad a22001815a 4500 | ||
|---|---|---|---|
| 001 | L157707 | ||
| 008 | 130328e2013 xxk 000 0 eng d | ||
| 035 | _a(Sirsi) u157707 | ||
| 041 | 0 | _aeng | |
| 245 | 0 | 0 |
_aQuarterly energy statistics _bEnergy Trends and Quarterly Energy Prices _h[electronic resource] |
| 260 |
_aLondon _bDECC _c2013 |
||
| 520 | _aEnergy Trends covers statistics on energy production and consumption, in total and by fuel. Also provides an analysis of the year on year changes and a section on renewables. The main points for the fourth quarter of 2012 include; total energy production was 10% lower than in 2011 due to significant falls in oil and gas production as a result of maintenance activity and that imports in 2012 were at a record high, with exports at their lowest level since 1989. Net import dependency rose to 43 per cent, the highest level since 1976. | ||
| 590 | _aKA | ||
| 651 | 4 | _aUnited Kingdom | |
| 690 |
_aEnergy _96237 |
||
| 856 | 4 | 0 |
_uhttps://www.gov.uk/government/uploads/system/uploads/attachment_data/file/172982/stats_press_release_mar_13.pdf _zView the item free of charge at www.gov.uk |
| 942 | _n0 | ||
| 999 |
_c84441 _d84441 |
||